Tentative quantity and cost budget necessary to maintain a family of five in Washington, D.C., at a level of health and decency. (Record no. 35548)
[ view plain ]
| 000 -LEADER | |
|---|---|
| fixed length control field | 00832cam a22002171 4500 |
| 001 - CONTROL NUMBER | |
| control field | l 19000070 |
| 003 - CONTROL NUMBER IDENTIFIER | |
| control field | DLC |
| 005 - DATE AND TIME OF LATEST TRANSACTION | |
| control field | 20260227111527.0 |
| 008 - FIXED-LENGTH DATA ELEMENTS--GENERAL INFORMATION | |
| fixed length control field | 800212s1919 xx 000 0 eng |
| 010 ## - LIBRARY OF CONGRESS CONTROL NUMBER | |
| LC control number | l 19000070 |
| 035 ## - SYSTEM CONTROL NUMBER | |
| System control number | (OCoLC)5977197 |
| 040 ## - CATALOGING SOURCE | |
| Original cataloging agency | DLC |
| Transcribing agency | OU |
| Modifying agency | DLC |
| 042 ## - AUTHENTICATION CODE | |
| Authentication code | premarc |
| 050 00 - LIBRARY OF CONGRESS CALL NUMBER | |
| Classification number | HD6994.W3 |
| Item number | A5 1919j |
| 110 1# - MAIN ENTRY--CORPORATE NAME | |
| Corporate name or jurisdiction name as entry element | United States. |
| Subordinate unit | Bureau of Labor Statistics. |
| 245 10 - TITLE STATEMENT | |
| Title | Tentative quantity and cost budget necessary to maintain a family of five in Washington, D.C., at a level of health and decency. |
| Remainder of title | (Prices secured in August, 1919) |
| 260 ## - PUBLICATION, DISTRIBUTION, ETC. | |
| Place of publication, distribution, etc. | Washington, |
| Name of publisher, distributor, etc. | Govt. print. off., |
| Date of publication, distribution, etc. | 1919. |
| 300 ## - PHYSICAL DESCRIPTION | |
| Extent | 75 p. |
| Dimensions | 23 cm. |
| 500 ## - GENERAL NOTE | |
| General note | At head of title: U. S. Department of labor. Bureau of labor statistics, Royal Meeker, commissioner. |
| 650 #0 - SUBJECT ADDED ENTRY--TOPICAL TERM | |
| Topical term or geographic name entry element | Cost and standard of living |
| Geographic subdivision | Washington (D.C.) |
No items available.